[Event "Vandoeuvre op-B 15th"]
[Site "Vandoeuvre"]
[Date "2019.01.03"]
[Round "3.5"]
[White "Azouni, Anais"]
[Black "Grandmougin, Olivier"]
[Result "1-0"]
[WhiteElo "1804"]
[BlackElo "1933"]
[PlyCount "39"]
[EventDate "2019.01.02"]
[EventType "swiss"]
[EventRounds "9"]
[EventCountry "FRA"]
[SourceTitle "EXT 2020"]
[Source "ChessBase"]
[SourceDate "2019.10.17"]
[SourceVersion "1"]
[SourceVersionDate "2019.10.17"]
[SourceQuality "1"]

1. e4 e6 2. d4 d5 3. Nd2 c5 4. c3 Nc6 5. Ngf3 cxd4 6. Nxd4 Nxd4 7. cxd4 dxe4 8. Nxe4 Bd7 9. Be2 Bc6 10. Bf3 Bb4+ 11. Nc3 Bxf3 12. Qxf3 Qxd4 13. 0-0 Qb6 14. Be3 Qa6 15. Ne4 f5 16. Ng5 Nf6 17. Rac1 0-0 18. Rc7 Nd5 19. Qh5 h6 20. Qg6 1-0

[Event "FRA-ch U18 Girls"]
[Site "Gonfreville"]
[Date "2016.??.??"]
[Round "2"]
[White "Azouni, Anais"]
[Black "Afraoui, Anaelle"]
[Result "1/2-1/2"]
[WhiteElo "1675"]
[BlackElo "1986"]
[PlyCount "85"]
[EventDate "2016.04.22"]
[EventType "swiss"]
[EventRounds "9"]
[EventCountry "FRA"]
[SourceTitle "EXT 2019"]
[Source "ChessBase"]
[SourceDate "2018.10.10"]
[SourceVersion "1"]
[SourceVersionDate "2018.10.10"]
[SourceQuality "1"]

1. e4 c5 2. Nf3 Nc6 3. d4 cxd4 4. Nxd4 e5 5. Nb5 d6 6. N5c3 Be7 7. Na3 a6 8. Nc4 b5 9. Ne3 Nf6 10. Be2 0-0 11. 0-0 Be6 12. Ncd5 Rc8 13. Nxf6+ Bxf6 14. c3 Na5 15. Bg4 Nc4 16. Nf5 Rb8 17. b3 Nb6 18. Ba3 Bxf5 19. Bxf5 Be7 20. Qd3 Qc7 21. Rad1 Rfd8 22. Qg3 d5 23. Bb2 Kh8 24. exd5 Nxd5 25. c4 Nf4 26. Rde1 Bf6 27. cxb5 Rd2 28. b6 Qxb6 29. Bxe5 Bxe5 30. Qh4 g6 31. Rxe5 Ne2+ 32. Kh1 gxf5 33. Rxf5 Qg6 34. Qe4 Rbd8 35. g3 Rxa2 36. Qe5+ Qg7 37. Qe7 Qd4 38. Rxf7 Qd5+ 39. f3 Nxg3+ 40. hxg3 Qh5+ 41. Qh4 Qxh4+ 42. gxh4 Rdd2 43. Rc1 1/2-1/2

[Event "Wch U14 Girls"]
[Site "Al Ain"]
[Date "2013.12.28"]
[Round "11"]
[White "Kalbani, Wadeema"]
[Black "Azouni, Anais"]
[Result "0-1"]
[WhiteElo "1493"]
[BlackElo "1576"]
[PlyCount "62"]
[EventDate "2013.12.18"]
[EventType "swiss"]
[EventRounds "11"]
[EventCountry "UAE"]
[SourceTitle "CBM 158 Extra"]
[Source "ChessBase"]
[SourceDate "2014.02.28"]
[SourceVersion "1"]
[SourceVersionDate "2014.02.28"]
[SourceQuality "1"]

1. e4 c5 2. Nf3 Nc6 3. d4 cxd4 4. Nxd4 Nf6 5. Nc3 e5 6. Nb3 Bb4 7. Bd3 d5 8. exd5 Nxd5 9. Bd2 Bxc3 10. bxc3 0-0 11. 0-0 f5 12. f4 e4 13. Bc4 Kh8 14. Re1 Nce7 15. Qh5 Qc7 16. Bxd5 Nxd5 17. Qh3 Nxf4 18. Bxf4 Qxf4 19. Rf1 Qg5 20. Nd4 f4 21. g4 Bxg4 22. Qg2 f3 23. Qg3 Qe3+ 24. Kh1 Bh5 25. Rg1 Bg6 26. Ne6 Rf6 27. Ng5 Qf4 28. Qxf4 Rxf4 29. Rab1 f2 30. Rgf1 e3 31. Nh3 Be4# 0-1

[Event "Wch U14 Girls"]
[Site "Al Ain"]
[Date "2013.12.24"]
[Round "8"]
[White "Vrtiakova, Anna"]
[Black "Azouni, Anais"]
[Result "1-0"]
[WhiteElo "1788"]
[BlackElo "1576"]
[PlyCount "75"]
[EventDate "2013.12.18"]
[EventType "swiss"]
[EventRounds "11"]
[EventCountry "UAE"]
[SourceTitle "CBM 158 Extra"]
[Source "ChessBase"]
[SourceDate "2014.02.28"]
[SourceVersion "1"]
[SourceVersionDate "2014.02.28"]
[SourceQuality "1"]

1. c4 e5 2. Nc3 Nf6 3. g3 d5 4. cxd5 Nxd5 5. Bg2 Nb6 6. Nf3 Nc6 7. 0-0 Be7 8. d3 0-0 9. a3 Be6 10. b4 a5 11. b5 Nd4 12. Nxd4 exd4 13. Na4 Nd5 14. Qc2 Rb8 15. Bb2 Nf6 16. Rfc1 Ne8 17. Nc5 Bd5 18. Bxd5 Qxd5 19. a4 b6 20. Na6 Rc8 21. Qc6 Qe5 22. e3 h5 23. Bxd4 Qf5 24. Bxb6 Rd8 25. Bxa5 Rxd3 26. Rd1 Rb3 27. Qd5 Qc2 28. Rdc1 Nf6 29. Qxf7+ Rxf7 30. Rxc2 Ne4 31. Nxc7 h4 32. Nd5 Bg5 33. f4 Bf6 34. Nxf6+ Rxf6 35. Bd8 Rd6 36. Bxh4 Rxe3 37. a5 Rb3 38. a6 1-0

[Event "FRA-ch U14 Girls"]
[Site "Saint Paul Trois Chateaux"]
[Date "2013.04.30"]
[Round "3"]
[White "Azouni, Anais"]
[Black "Bachiri, Nada"]
[Result "1-0"]
[WhiteElo "1483"]
[BlackElo "1369"]
[PlyCount "75"]
[EventDate "2013.04.28"]
[EventType "swiss"]
[EventRounds "9"]
[EventCountry "FRA"]
[SourceTitle "CBM 154 Extra"]
[Source "ChessBase"]
[SourceDate "2013.06.25"]
[SourceVersion "2"]
[SourceVersionDate "2013.06.25"]
[SourceQuality "1"]

1. e4 e5 2. Nf3 Nc6 3. Bc4 Nf6 4. d3 Bc5 5. Nc3 0-0 6. Bg5 h6 7. Bh4 g5 8. Bg3 Re8 9. Nd5 d6 10. h4 g4 11. Nh2 h5 12. Qd2 Nxd5 13. Bxd5 Qf6 14. Nf1 Kf8 15. Ne3 Ke7 16. Bc4 Kd8 17. Nd5 Qg6 18. Qg5+ Qxg5 19. hxg5 Nd4 20. Kd2 Rh8 21. Nf6 Ne6 22. Nxg4 Nxg5 23. Nf6 Ke7 24. Rxh5 Rxh5 25. Nxh5 Nh7 26. f3 Kf8 27. Rh1 Kg8 28. Bh4 Bd7 29. Nf6+ Kg7 30. Nxd7 Bd4 31. c3 Bb6 32. Nxb6 axb6 33. d4 exd4 34. cxd4 Nf8 35. Kc3 Nd7 36. a3 Kg6 37. f4 f5 38. Be6 1-0

[Event "FRA-ch U10"]
[Site "La Roche sur Yon"]
[Date "2008.04.25"]
[Round "5"]
[White "Duffaud, Celia"]
[Black "Azouni, Anais"]
[Result "1-0"]
[WhiteElo "1400"]
[BlackElo "1280"]
[PlyCount "51"]
[EventDate "2008.04.23"]
[EventType "swiss"]
[EventRounds "9"]
[EventCountry "FRA"]
[SourceTitle "EXT 2010"]
[Source "ChessBase"]
[SourceDate "2010.11.25"]
[SourceVersion "1"]
[SourceVersionDate "2010.11.25"]
[SourceQuality "1"]

1. e4 e6 2. d4 d5 3. e5 b6 4. Nf3 Ba6 5. Bxa6 Nxa6 6. 0-0 Ne7 7. Nc3 Ng6 8. Bd2 Be7 9. Qe2 Nb8 10. Be3 0-0 11. Nd2 Nc6 12. f4 Nb4 13. Rac1 Re8 14. a3 Nc6 15. f5 exf5 16. Rxf5 a5 17. Rcf1 Rf8 18. Qh5 Nh8 19. R1f3 g6 20. Qg4 h5 21. Qg3 Bh4 22. Qf4 gxf5 23. Qxf5 Ne7 24. Qxh5 Neg6 25. Rh3 Be1 26. Qh7# 1-0